Український гуманітарний огляд (Запис № 309676)
[ простий вигляд ]
| 000 -Лідер | |
|---|---|
| fixed length control field | 00995nam a22002777a 4500 |
| 001 - Контрольний номер | |
| control field | 23429 |
| 003 - Ідентифікатор контрольного номера | |
| control field | UA-OsUOA |
| 005 - Дата та час останнього входження (трансакції) | |
| control field | 20231017110820.0 |
| 007 - Фіксоване поле фізичного опису | |
| fixed length control field | ta |
| 008 - Елементи даних фіксованої довжини – загальна інформація | |
| fixed length control field | 20040121b un ||||| |||| 00| 0 ukr d |
| 020 ## - Міжнародний стандартний книжковий номер (ISBN) | |
| Міжнародний стандартний книжковий номер (ISBN) (НП) | 9667679217 |
| 040 ## - Джерело каталогізації | |
| Агенція оригінальної каталогізації | UA-OsUOA |
| Мова каталогізації | ukr |
| Агенція, яка здійснювала перезапис | UA-OsUOA |
| Агенція, яка здійснювала модифікацію | UA-OsUOA |
| 041 ## - Код мови | |
| Код мови тексту/ звукової доріжки чи окремого заголовка (П) | ukr |
| 044 ## - Код країни видавця/ виробника | |
| Код країни видавця/ виробника (П) | UA |
| 080 ## - Індекс Універсальної десяткової класифікації | |
| Індекс Універсальної десяткової класифікації (УДК) (НП) | 94(082) |
| 090 ## - Локальний шифр розміщення | |
| Класифікаційний індекс УДК | 94(082) |
| Авторський знак (НП) | У45 |
| 110 ## - Наймення організації – загальна інформація | |
| Найменування колективу або юрисдикції як початковий елемент введення | Національний університет "Києво-Могилянська Академія" |
| Структурний підрозділ | Товариство дослідників Центрально-Східної Європи |
| 245 ## - Відомості про назву | |
| Назва (НП) | Український гуманітарний огляд |
| Решта назви (НП) | у 8 вип. |
| Номер частини/ розділу роботи (П) | Вип. 6 |
| Дані про відповідальність (НП) | гол. ред. Наталія Яковенко |
| 260 ## - Публікація, розповсюдження і т.п. (Вихідні дані) | |
| Місце публікації, розповсюдження і т.п. (П) | Київ |
| Ім’я/ наймення видавництва, розповсюджувача і т.п. (П) | Критика |
| Дата публікації, розповсюдження і т.п. (П) | 2001 |
| 300 ## - Фізичний опис | |
| Обсяг | 281 с. |
| 650 #7 - Додаткове предметне введення – тематичний термін | |
| Джерело заголовка чи терміна | UDC |
| Тематичний термін чи географічна назва, як елемент введення (НП) | 94 Історія |
| 700 1# - Додаткове введення – ім'я особи | |
| Ім’я особи (НП) | Яковенко Н. |
| Термін відношення | ред. |
| 942 ## - Додаткові елементи входу (Коха) | |
| Тип елемента Koha | Книги |
| Source of classification or shelving scheme | Universal Decimal Classification |
| 955 ## - Код типу видання за змістом | |
| Код типу видання за змістом (НП) | Наукові видання |
| Стан вилучень | Стан втрат | Джерело класифікації або схеми стелажів | Стан уражень | Не для кредиту | Постійне місце розташування | Поточне розміщення | Дата придбання | Вартість, звичайна ціна покупки | Інвентарний номер | Усього замовленно | Повний номер виклику | Штрих-код | Дата останнього перегляду | Ціна ефективна від | Тип елемента Koha |
|---|---|---|---|---|---|---|---|---|---|---|---|---|---|---|---|
| Universal Decimal Classification | ЧЗ - Читальна зала | ЧЗ - Читальна зала | 21/01/2004 | 5.00 | 77067 | 94(082) У45 | 77067 | 07/02/2022 | 21/01/2004 | Книги |